000 00607nam a22002057a 4500
003 0
005 20251113110632.0
008 251113b xxu||||| |||| 00| 0 eng d
020 _a0-965-88949-1
050 _aPS 3607
_b.G74 2004
100 _aGreer, Andrew Sean,
_eauthor.
245 _aThe Confessions of Max Tivoli /
_cAndrew Sean Greer.
260 _aNew York :
_bFarrar, Straus and Giroux,
_c2004.
300 _a267 pages ;
_c21 cm.
650 _aHistorical fiction.
650 _aOlder men
_xFiction.
650 _aMan-woman relationships
_xFiction.
650 _aAging
_xFiction.
942 _2lcc
_cBK
999 _c368618
_d368618